00545nam a22001817a 4500001000500000005001700005020001800022040002900040082000800069100001600077245006700093260003400160300003700194505000700231520009100238521001700329521001700346223520231113112022.0 a9780545152303 aFISKHbengcFISKHdFISKH a676 aNelson, May aRip it, tear it:bPaper /cINVESTIGATE MATERIALS by May Nelson aNew York :bScholastic,c2008 a28 pages :billustrationsc22 cm aF  aCan a brown book be green? Find out how old paper can be turned into a new brown book. a360 bLexile aF bRaz-Plus